[Event "Wroclaw Anderssen Memorial op-C"]
[Site "Wroclaw"]
[Date "2023.??.??"]
[Round "2"]
[White "Czaja, Adrian"]
[Black "Sypek, Mateusz"]
[Result "1-0"]
[WhiteElo "1562"]
[BlackElo "1260"]
[PlyCount "53"]
[EventDate "2023.08.06"]
[EventType "swiss"]
[EventRounds "9"]
[EventCountry "POL"]
[SourceTitle "EXT 2024"]
[Source "ChessBase"]
[SourceDate "2023.10.10"]
[SourceVersion "1"]
[SourceVersionDate "2023.10.10"]
[SourceQuality "1"]

1. d4 d5 2. Nf3 Nf6 3. Bg5 Bf5 4. e3 e6 5. Bd3 Bxd3 6. Qxd3 Be7 7. Nbd2 Nbd7 8. 0-0 0-0 9. Ne5 c5 10. f4 Rc8 11. c3 Nxe5 12. fxe5 Nd7 13. Bxe7 Qxe7 14. e4 Nb6 15. exd5 exd5 16. Rf3 Na4 17. Rh3 g6 18. Qb5 Nb6 19. Rf1 cxd4 20. cxd4 Rc2 21. Qd3 Rfc8 22. Rhf3 Qg5 23. R3f2 Qh6 24. Qf3 Rf8 25. e6 f6 26. e7 Rxb2 27. Qxf6 1-0

[Event "Wroclaw Anderssen Memorial op-C"]
[Site "Wroclaw"]
[Date "2023.??.??"]
[Round "8"]
[White "Czaja, Adrian"]
[Black "Vancakova, Veronika"]
[Result "0-1"]
[WhiteElo "1562"]
[BlackElo "1552"]
[PlyCount "70"]
[EventDate "2023.08.06"]
[EventType "swiss"]
[EventRounds "9"]
[EventCountry "POL"]
[SourceTitle "EXT 2024"]
[Source "ChessBase"]
[SourceDate "2023.10.10"]
[SourceVersion "1"]
[SourceVersionDate "2023.10.10"]
[SourceQuality "1"]

1. d4 Nf6 2. Nf3 g6 3. Bf4 Bg7 4. e3 0-0 5. Bd3 d6 6. h3 Nbd7 7. c4 Re8 8. Nc3 e5 9. dxe5 dxe5 10. Bg5 h6 11. Bxf6 Nxf6 12. e4 c6 13. g4 Qc7 14. Qc2 Be6 15. 0-0-0 a6 16. g5 Nh5 17. Kb1 Nf4 18. Ne2 h5 19. Nxf4 exf4 20. h4 c5 21. Be2 Reb8 22. Rhe1 b5 23. e5 Qa5 24. Rd6 bxc4 25. Rxe6 c3 26. b3 fxe6 27. Qxg6 Qa3 28. Qc2 Qb4 29. Ka1 a5 30. Bc4 Rb6 31. Re4 Qa3 32. Qxc3 a4 33. Kb1 axb3 34. Bxb3 Qxa2+ 35. Kc1 Rxb3 0-1